Rat management in prey chhor district kampong cham province, វិធានការកំចាត់កណ្តុរស្រែនៅស្រុកព្រៃឈរ ខេត្ដកំពង់ចាម (Record no. 1410)
[ view plain ]
| 000 -LEADER | |
|---|---|
| fixed length control field | 00582nam a22001577a 4500 |
| 003 - CONTROL NUMBER IDENTIFIER | |
| control field | OSt |
| 005 - DATE AND TIME OF LATEST TRANSACTION | |
| control field | 20150928160041.0 |
| 008 - FIXED-LENGTH DATA ELEMENTS--GENERAL INFORMATION | |
| fixed length control field | 150928b xxu||||| |||| 00| 0 eng d |
| 040 ## - CATALOGING SOURCE | |
| Transcribing agency | RUA |
| 082 ## - DEWEY DECIMAL CLASSIFICATION NUMBER | |
| Classification number | ATM.Sp IEN 2003 B059 Or.1 |
| 100 ## - MAIN ENTRY--PERSONAL NAME | |
| 9 (RLIN) | 1500 |
| Personal name | IENG. KIMSRIEN. |
| 245 ## - TITLE STATEMENT | |
| Title | Rat management in prey chhor district kampong cham province, វិធានការកំចាត់កណ្តុរស្រែនៅស្រុកព្រៃឈរ ខេត្ដកំពង់ចាម |
| 260 ## - PUBLICATION, DISTRIBUTION, ETC. (IMPRINT) | |
| Place of publication, distribution, etc. | Phnom Penh |
| Name of publisher, distributor, etc. | RUA |
| Date of publication, distribution, etc. | 2003 |
| 300 ## - PHYSICAL DESCRIPTION | |
| Extent | 55p. |
| Other physical details | ill. |
| Dimensions | 29cm. |
| 942 ## - ADDED ENTRY ELEMENTS (KOHA) | |
| Source of classification or shelving scheme | |
| Koha item type | ATM.s |
| Price effective from | Date last seen | Permanent Location | Not for loan | Date acquired | Source of classification or shelving scheme | Koha item type | Lost status | Withdrawn status | Date last checked out | Total Checkouts | Shelving location | Damaged status | Barcode | Current Location | Full call number |
|---|---|---|---|---|---|---|---|---|---|---|---|---|---|---|---|
| 2015-09-28 | 2015-09-28 | Library Block B | 2015-09-28 | ATM.s | B059 | RUA001491 | Library Block B | ATM.Sp IEN 2003 B059 Or.1 | |||||||
| 2015-09-28 | 2015-09-28 | Library Block B | 2015-09-28 | ATM.s | B059 | RUA001420 | Library Block B | ATM.Sp IEN 2003 B059 Or.2 | |||||||
| 2015-09-28 | 2015-09-28 | Library Block B | 2015-09-28 | ATM.s | B059 | RUA001203 | Library Block B | ATM.Sp IEN 2003 B059 Or.3 | |||||||
| 2015-09-28 | 2019-07-01 | Library Block B | 2015-09-28 | ATM.s | 2019-06-04 | 2 | B059 | RUA001563 | Library Block B | ATM.Sp IEN 2003 B059 Or.4 | |||||
| 2015-09-28 | 2015-09-28 | Library Block B | 2015-09-28 | ATM.s | B059 | RUA001152 | Library Block B | ATM.Sp IEN 2003 B059 Or.5 | |||||||
| 2015-09-28 | 2015-09-28 | Library Block B | 2015-09-28 | ATM.s | B059 | RUA001081 | Library Block B | ATM.Sp IEN 2003 B059 Or.6 | |||||||
| 2015-09-28 | 2015-09-28 | Library Block B | 2015-09-28 | ATM.s | B059 | RUA001296 | Library Block B | ATM.Sp IEN 2003 B059 Or.7 | |||||||
| 2015-09-28 | 2020-08-14 | Library Block B | 2015-09-28 | ATM.s | 2020-08-10 | 1 | B059 | RUA001507 | Library Block B | ATM.Sp IEN 2003 B059 Or.8 |